000
00308nam a2200121Ia 4500
005
20251222143225.0
008
251222s9999||||xx |||||||||||||| ||spa||
082
_a
305.898.5/A59
100
_a
Anders, Martha
245
0
_a
Historia y EtnografĂa:
264
_b
Instituto de Estudios Peruanos
942
_c
LIB
999
_c
13978
_d
13978